00553cam a22001815a 450000500170000000800410001701000140005802000260007203500130009803700130011104000130012408200120013724500680014926000500021727000580026730000300032570000160035520091103014612.0090911s2009 ii ab b 100 0 eng d aENG-95383 a9788131305942c595.00 aEN-78916 aDBAD/PUB aDPLbeng a301.153 aEducational philosophy of Mahatma Gandhi/cedited by Y.K. Singh aNew Delhi :bAPH Publishing Corporationc2009 a4435-36/7. Ansari road, Darya GanjbNew Delhie110002 a xii, 186p.;c22 cm. (Hb) aSingh, Y.K.